000 00497nam a2200193Ia 4500
008 101110s9999 xx 000 0 und d
041 _aENGLISH
082 _bSR16640
_a658.01
100 _aAswathappa K.
245 _aEssentials of Business Administration
365 _b90
520 _aCommerce
546 _aENGLISH
630 _aEssentials of Business Administration
650 _aCommerce
655 _aCommerce
730 _aEssentials of Business Administration
942 _cBOOK
999 _c810363
_d810360